00712nam a2200217Ia 4500003000400000005001700004008004100021020001800062040000700080041000800087082001300095100002500108245006500133260004500198300001200243365001300255906006800268942001200336999001900348952012700367OSt20230419092055.0210423s2010 xx 000 0 und d a9788178846194 cAL aeng a822 KOTM aKOTTER (M P).990303 aSurvey on english drama and literature: a modern world view. aNew DelhibCyber Tech Publicationsc2010 a262bPB b800cINR adrama ; english ; literature: ; modern ; Survey ; view. ; world 2ddccBK c160119d160119 001040708MAENGaSACPGbSACPGd2011-10-07eB B Booksg800.00l0o822 KOTMpPG006598r2022-08-24 00:00:00w2021-04-26yBK